000 00465nam a22001817a 4500
003 MPLRDC
005 20220104143515.0
008 210129b ||||| |||| 00| 0 eng d
020 _a957-9492-81-6
082 _a859.6 SXBL
100 _aANTOINE DE SAINT-EXUPERY 圣修伯理
245 _a小王子
_c李淑贞 编译
260 _a
_b九仪出版社
_c1998
300 _b
490 _a珍藏文库;01
650 _a外国文学
942 _cBK
_o859.6 SXBL
999 _c40592
_d40582